Skoki Narciarskie - Medaliści IO z Finlandii - Statystyki

Ogólne statystyki
  • Ten quiz został rozwiązany 43 razy
  • Średni wynik to 3 z 6
Statystyki odpowiedzi
Z S B Skoczek % Poprawnych
- 2x - Janne Ahonen
100%
- 3x 1x Matti Hautamaki
76%
- 1x - Janne Happonen
47%
- 1x - Risto Jussilainen
47%
- 1x - Tami Kiuru
37%
- 1x - Veli-Matti Lindstrom
32%
Nie znaleziono quizów pasujących do podanych kryteriów
Rozkład punktacji
Procent ludzi z każdym wynikiem
Percentyl według liczby udzielonych odpowiedzi
Twoja historia wyników
Nie rozwiązałeś tego quizu